<?xml version="1.0" encoding="UTF-8"?>
<record
    xmlns:xsi="http://www.w3.org/2001/XMLSchema-instance"
    xsi:schemaLocation="http://www.loc.gov/MARC21/slim http://www.loc.gov/standards/marcxml/schema/MARC21slim.xsd"
    xmlns="http://www.loc.gov/MARC21/slim">

  <leader>01160nam a22002417a 4500</leader>
  <controlfield tag="001">3678</controlfield>
  <controlfield tag="003">FISKH</controlfield>
  <controlfield tag="005">20240409095828.0</controlfield>
  <controlfield tag="008">240409b        cb ||||| |||| 00| 0 eng d</controlfield>
  <datafield tag="040" ind1=" " ind2=" ">
    <subfield code="a">FISKH</subfield>
    <subfield code="b">khr </subfield>
    <subfield code="c">FISKH</subfield>
    <subfield code="d">FISKH</subfield>
  </datafield>
  <datafield tag="050" ind1=" " ind2=" ">
    <subfield code="a">PZ7</subfield>
  </datafield>
  <datafield tag="082" ind1=" " ind2=" ">
    <subfield code="a">540</subfield>
  </datafield>
  <datafield tag="100" ind1=" " ind2=" ">
    <subfield code="a">Sokeng, Cheng </subfield>
  </datafield>
  <datafield tag="245" ind1=" " ind2=" ">
    <subfield code="a">&#x1782;&#x17B8;&#x1798;&#x17B8;&#x179F;&#x179A;&#x17B8;&#x179A;&#x17B6;&#x1784;&#x17D2;&#x1782;&#x1790;&#x17D2;&#x1793;&#x17B6;&#x1780;&#x17CB;&#x1791;&#x17B8; &#x17E1;&#x17E2; / </subfield>
    <subfield code="c">&#x179A;&#x17C0;&#x1794;&#x179A;&#x17C0;&#x1784;&#x178A;&#x17C4;&#x1799; : &#x1785;&#x17C1;&#x1784; &#x179F;&#x17BB;&#x1781;&#x17A2;&#x17C1;&#x1784; </subfield>
  </datafield>
  <datafield tag="260" ind1=" " ind2=" ">
    <subfield code="a">&#x1797;&#x17D2;&#x1793;&#x17C6;&#x1796;&#x17C1;&#x1789; : </subfield>
    <subfield code="b">&#x1794;&#x17B6;&#x1780;&#x17CB;&#x1791;&#x17BC;&#x1780;&#x1790;&#x178F;&#x1785;&#x17C6;&#x179B;&#x1784;, </subfield>
    <subfield code="c">&#x17E2;&#x17E0;&#x17E0;&#x17E9;.</subfield>
  </datafield>
  <datafield tag="300" ind1=" " ind2=" ">
    <subfield code="a">103 pages : </subfield>
    <subfield code="c">21 cm </subfield>
  </datafield>
  <datafield tag="520" ind1=" " ind2=" ">
    <subfield code="a">&#x179F;&#x1798;&#x17D2;&#x179A;&#x17B6;&#x1794;&#x17CB;&#x1794;&#x17D2;&#x179A;&#x17A1;&#x1784;&#x1786;&#x1798;&#x17B6;&#x179F;&#x179B;&#x17BE;&#x1791;&#x17B8;&#x17E2; &#x1790;&#x17D2;&#x1793;&#x17B6;&#x1780;&#x17CB;&#x1787;&#x17B6;&#x178F;&#x17B7; &#x1798;&#x17B6;&#x1793;&#x1798;&#x17C1;&#x179A;&#x17C0;&#x1793;&#x1794;&#x1784;&#x17D2;&#x17A0;&#x17B6;&#x1789;&#x1780;&#x17D2;&#x1794;&#x17C4;&#x17C7;&#x1780;&#x17D2;&#x1794;&#x17B6;&#x1799; &#x179C;&#x17B7;&#x1792;&#x17B8;&#x1794;&#x1780;&#x179F;&#x17D2;&#x179A;&#x17B6;&#x1799;&#x179B;&#x17C6;&#x17A0;&#x17B6;&#x178F;&#x17CB; &#x1793;&#x17B7;&#x1784;&#x179B;&#x17C6;&#x17A0;&#x17B6;&#x178F;&#x17CB;&#x1782;&#x17C6;&#x179A;&#x17BC;&#x17D4; </subfield>
  </datafield>
  <datafield tag="520" ind1=" " ind2=" ">
    <subfield code="a">For the second semester exam at the national level, there are detailed lessons on how to interpret exercises and sample exercises.</subfield>
  </datafield>
  <datafield tag="650" ind1=" " ind2=" ">
    <subfield code="a">&#x1798;&#x17C1;&#x179A;&#x17C0;&#x1793;&#x1782;&#x17B8;&#x1798;&#x17B8;&#x179F;&#x179A;&#x17B8;&#x179A;&#x17B6;&#x1784;&#x17D2;&#x1782;&#x200B; </subfield>
  </datafield>
  <datafield tag="650" ind1=" " ind2=" ">
    <subfield code="a">Organic Chemistry Lessons&#x200B;</subfield>
  </datafield>
  <datafield tag="942" ind1=" " ind2=" ">
    <subfield code="2">ddc</subfield>
    <subfield code="c">KHB</subfield>
    <subfield code="n">0</subfield>
  </datafield>
  <datafield tag="999" ind1=" " ind2=" ">
    <subfield code="c">3678</subfield>
    <subfield code="d">3678</subfield>
  </datafield>
  <datafield tag="952" ind1=" " ind2=" ">
    <subfield code="0">0</subfield>
    <subfield code="1">0</subfield>
    <subfield code="2">ddc</subfield>
    <subfield code="4">0</subfield>
    <subfield code="7">0</subfield>
    <subfield code="8">REF</subfield>
    <subfield code="a">001</subfield>
    <subfield code="b">001</subfield>
    <subfield code="c">OKHR</subfield>
    <subfield code="d">2024-04-09</subfield>
    <subfield code="l">0</subfield>
    <subfield code="o">SOK 540 PZ7 </subfield>
    <subfield code="p">2024-0479</subfield>
    <subfield code="r">2024-04-09 09:58:25</subfield>
    <subfield code="w">2024-04-09</subfield>
    <subfield code="y">KHB</subfield>
  </datafield>
</record>
